[Event "AUTO-OPEN-803"]
[Site "http://www.queenalice.com/game.php?id=261313"]
[Date "2007.8.25"]
[Round "1"]
[White "Manago"]
[Black "salso"]
[Result "0-1"]
[WhiteElo "1579"]
[BlackElo "2036"]

1. d4 e5 2. dxe5 Nc6 3. f4 f6 4. exf6 Nxf6 5. Nc3 d5 6. Nf3 Bc5 7. e3 O-O 8. Bb5
Bg4 9. Bxc6 bxc6 10. O-O Ne4 11. Qd3 Bxf3 12. Rxf3 Qe7 13. Rh3 Rxf4 14. Kh1 Nf2+
15. Kg1 Nxd3 16. cxd3 d4 17. exf4 Qe1# 0-1

[Event "AUTO-OPEN-803"]
[Site "http://www.queenalice.com/game.php?id=261322"]
[Date "2007.8.25"]
[Round "1"]
[White "Petruzza"]
[Black "Manago"]
[Result "0-1"]
[WhiteElo "1553"]
[BlackElo "1711"]

1. Nf3 Nf6 2. e3 d5 3. h3 Bf5 4. Nh4 Qd7 5. a4 g6 6. Nxf5 Qxf5 7. g4 Qd7 8. d3
Bg7 9. g5 Nh5 10. e4 O-O 11. exd5 Qxd5 12. Rg1 Nd7 13. Bg2 Qe5+ 14. Be4 c6 15.
Nd2 Nc5 16. Nc4 Qd4 17. Be3 Qd7 18. Bxc5 Rfe8 19. Be3 Rac8 20. c3 Qxh3 21. Rh1
Qe6 22. Rxh5 gxh5 23. Qxh5 h6 24. gxh6 Bf6 25. h7+ Kh8 26. Bf5 Qd5 27. Bxc8 Qxh5
28. Kd2 Rxc8 29. Bd4 Bxd4 30. cxd4 Qxh7 31. Ne5 Kg7 32. f4 Qh2+ 33. Ke3 Qxb2 34.
Rg1+ Kf6 35. a5 c5 36. Nd7+ Kf5 37. Rg5+ Ke6 38. Nxc5+ Kd6 39. Ne4+ Kd7 40. Rd5+
Ke8 41. Rg5 Qc1+ 42. Kf3 Qd1+ 43. Ke3 Qe1+ 44. Kf3 Qf1+ 45. Ke3 Qh3+ 46. Rg3 Qh7
47. Ng5 Qf5 48. Rh3 Rc3 49. Rh8+ Kd7 50. Ne4 Ra3 51. Nc5+ Kc7 52. Re8 Qh3+ 53.
Ke4 Qg2+ 54. Ke5 Qe2+ 55. Kf5 Rxa5 56. Kg5 b6 57. f5 bxc5 58. f6 cxd4+ 59. Kh6
Qh5+ 60. Kg7 Rg5+ 61. Kf8 exf6 62. Re7+ Kd8 63. Re8+ Kc7 64. Re7+ Kb6 65. Rxf7
Qh8+ 66. Ke7 Re5+ 67. Kd6 Qd8+ 68. Rd7 Qxd7+ 69. Kxd7 f5 70. Kd6 Re3 71. Kd5
Rxd3 72. Ke5 Rd1 73. Kxf5 Re1 0-1

[Event "AUTO-OPEN-803"]
[Site "http://www.queenalice.com/game.php?id=261323"]
[Date "2007.8.25"]
[Round "1"]
[White "Manago"]
[Black "Petruzza"]
[Result "1-0"]
[WhiteElo "1641"]
[BlackElo "1571"]

1. d4 d5 2. c4 dxc4 3. e4 b5 4. Nf3 e6 5. Be2 h6 6. O-O Bb7 7. e5 g5 8. h3 g4 9.
hxg4 h5 10. gxh5 Rxh5 11. Bf4 Bh6 12. Bh2 Bxf3 13. Bxf3 c6 14. Bxh5 Na6 15. Nc3
b4 16. Qf3 Kd7 17. Qxf7+ Qe7 18. Ne4 Rf8 19. Qxe7+ Kxe7 20. f4 Rd8 21. Rad1 b3
22. a3 Nc7 23. g4 Nd5 24. Rf3 a5 25. g5 Bg7 26. f5 exf5 27. Rxf5 Rf8 28. Rxf8
Bxf8 29. Rf1 Ne3 30. Rf7+ Ke6 31. Rxf8 Ne7 32. Nc5+ Kd5 33. Rd8# 1-0

[Event "AUTO-OPEN-666"]
[Site "http://www.queenalice.com/game.php?id=278856"]
[Date "2007.9.29"]
[Round "2"]
[White "Cesar_Luiz_Marques"]
[Black "Manago"]
[Result "1-0"]
[WhiteElo "1713"]
[BlackElo "1597"]

1. e4 e5 2. Nf3 Nc6 3. Bb5 a6 4. Bxc6 dxc6 5. h3 Bd6 6. Nc3 Nf6 7. d3 Be6 8. Bg5
O-O 9. O-O h6 10. Bh4 g5 11. Bg3 Nh5 12. Bxe5 Bxe5 13. Nxe5 Nf6 14. f4 Nh7 15.
Qh5 Kg7 16. f5 1-0

[Event "AUTO-OPEN-666"]
[Site "http://www.queenalice.com/game.php?id=278857"]
[Date "2007.9.29"]
[Round "2"]
[White "Manago"]
[Black "Cesar_Luiz_Marques"]
[Result "0-1"]
[WhiteElo "1586"]
[BlackElo "1724"]

1. d4 e6 2. c4 Nf6 3. Nc3 d5 4. Nf3 Bb4 5. a3 Bxc3+ 6. bxc3 Ne4 7. Qc2 Nc6 8. e3
O-O 9. Bd3 Nf6 10. O-O b6 11. cxd5 Qxd5 12. e4 Qh5 13. Bf4 e5 14. dxe5 Ng4 15.
h3 Ngxe5 0-1

[Event "AUTO-ADV-676"]
[Site "http://www.queenalice.com/game.php?id=284772"]
[Date "2007.10.11"]
[Round "1"]
[White "jdieguezgrm"]
[Black "Manago"]
[Result "1-0"]
[WhiteElo "1768"]
[BlackElo "1545"]

1. c4 Nf6 2. Nc3 c6 3. e4 e5 4. Nf3 d6 5. d3 Bg4 6. Be2 Bxf3 7. Bxf3 Be7 8. O-O
O-O 9. b3 Nbd7 10. h4 h6 11. g3 Nh7 12. Bg4 Ndf6 13. Kg2 Nxg4 14. Qxg4 g5 15.
Rh1 1-0

[Event "AUTO-ADV-676"]
[Site "http://www.queenalice.com/game.php?id=284773"]
[Date "2007.10.11"]
[Round "1"]
[White "Manago"]
[Black "jdieguezgrm"]
[Result "0-1"]
[WhiteElo "1553"]
[BlackElo "1760"]

1. d4 d5 2. c4 f5 3. Nc3 Nf6 4. e3 e6 5. Nh3 c5 6. cxd5 Nxd5 7. Bb5+ Nc6 8. O-O
Be7 9. Bxc6+ bxc6 10. Ne2 Ba6 11. f4 O-O 12. Rf3 Qb6 13. Ng5 Bxg5 14. fxg5 Rfe8
0-1

[Event "AUTO-ADV-676"]
[Site "http://www.queenalice.com/game.php?id=284798"]
[Date "2007.10.11"]
[Round "1"]
[White "bacana"]
[Black "Manago"]
[Result "1-0"]
[WhiteElo "1891"]
[BlackElo "1711"]

1. e4 e5 2. Nf3 Nc6 3. Bb5 a6 4. Ba4 b5 5. Bb3 d6 6. O-O Nf6 7. Re1 Bg4 8. c3
Be7 9. d4 Bxf3 10. gxf3 O-O 11. Kh1 Qd7 12. Rg1 Kh8 13. d5 Nd8 14. Nd2 Nh5 15.
Nf1 f5 16. Qe2 f4 17. a4 Nf7 18. c4 Ng5 19. axb5 Qh3 20. Rxa6 Rxa6 21. bxa6 Nxf3
22. Qd1 Nxg1 23. Kxg1 Rf6 24. a7 Rg6+ 25. Ng3 h6 26. a8=Q+ Kh7 27. Qe8 Bh4 28.
Qxh5 Qxh2+ 29. Kxh2 fxg3+ 30. fxg3 Bxg3+ 31. Kh3 1-0

[Event "AUTO-ADV-676"]
[Site "http://www.queenalice.com/game.php?id=284799"]
[Date "2007.10.11"]
[Round "1"]
[White "Manago"]
[Black "bacana"]
[Result "0-1"]
[WhiteElo "1645"]
[BlackElo "1918"]

1. d4 d5 2. c4 c6 3. Nc3 Nf6 4. Nf3 e6 5. Bg5 Nbd7 6. e3 Qa5 7. Bxf6 Nxf6 8. Bd3
Bb4 9. Qc2 dxc4 10. Bxc4 O-O 11. O-O b5 12. Bd3 Bb7 13. a3 Bxc3 14. bxc3 h6 15.
h3 a6 16. Rfc1 Rac8 17. Qe2 c5 18. Nh2 Qc7 19. Qd1 Rfd8 20. Be2 cxd4 21. cxd4
Qd6 22. Rxc8 Rxc8 23. Bf3 Bxf3 24. Nxf3 Rc3 25. a4 b4 26. Qd2 Ne4 27. Qb2 a5 28.
Ne5 Qc7 29. Qe2 Rc2 30. Qf3 Nf6 31. Qa8+ Kh7 0-1